Physiological aspects of water and plant life (Record no. 23625)

MARC details
000 -LEADER
fixed length control field 00619nam a2200253Ia 4500
082 ## - DEWEY DECIMAL CLASSIFICATION NUMBER
Classification number 581.1
Item number BAR
100 ## - MAIN ENTRY--AUTHOR NAME
Personal name BARON, W M M
245 #0 - TITLE STATEMENT
Title Physiological aspects of water and plant life
260 ## - PUBLICATION, DISTRIBUTION, ETC. (IMPRINT)
Place of publication London
Name of publisher Heineman
650 ## - SUBJECT ADDED ENTRY--TOPICAL TERM
Topical Term Plant evolution
650 ## - SUBJECT ADDED ENTRY--TOPICAL TERM
Topical Term Plant life
650 ## - SUBJECT ADDED ENTRY--TOPICAL TERM
Topical Term Plant physiology
650 ## - SUBJECT ADDED ENTRY--TOPICAL TERM
Topical Term Solute
650 ## - SUBJECT ADDED ENTRY--TOPICAL TERM
Topical Term Stomata
650 ## - SUBJECT ADDED ENTRY--TOPICAL TERM
Topical Term Translocation
650 ## - SUBJECT ADDED ENTRY--TOPICAL TERM
Topical Term Transpiration
650 ## - SUBJECT ADDED ENTRY--TOPICAL TERM
Topical Term Water
650 ## - SUBJECT ADDED ENTRY--TOPICAL TERM
Topical Term Water loss
650 ## - SUBJECT ADDED ENTRY--TOPICAL TERM
Topical Term Water movement
650 ## - SUBJECT ADDED ENTRY--TOPICAL TERM
Topical Term Water properties
650 ## - SUBJECT ADDED ENTRY--TOPICAL TERM
Topical Term Water uptake
942 ## - ADDED ENTRY ELEMENTS (KOHA)
Koha item type Books
Holdings
Withdrawn status Lost status Damaged status Not for loan Home library Current library Date acquired Full call number Accession Number Koha item type
        RRII Library RRII Library 16/12/2021 581.1 BAR 04323 Books